000 00810nas a2200301 4500
001 BR9205664
003 BR-BrBNA
005 20231205092857.0
007 ta
008 230509b bl.|||p| |||| 00| 00por d
040 _aBR-BrBNA
_bpor
_cBiblioteca Nacional de Agricultura
041 _a(Pt)
072 _aH60
100 1 _aDeuber, R.
100 1 _aForster, R.
100 1 _aCamargo, L.S.
100 1 _aScaranari, H.J.
100 1 _aMartins, F.P.
100 1 _aAlves, S.
245 1 _aEnsaios com herbicidas em culturas de cenoura
650 _aCENOURA
650 _aPLANTIO
650 _aHERBICIDA
650 _aCONTROLE QUIMICO
773 0 _tRevista de Olericultura (Brazil)
_x
_g(1975), (no. 15) p. 114-116
_wBR9205664
909 _a202311
_bLúcia
_c55
_dLúcia Elande
942 _2AGRIS
_n0
_cANA
999 _c134821
_d134821